<?xml version="1.0" encoding="UTF-8"?>
<record
    xmlns:xsi="http://www.w3.org/2001/XMLSchema-instance"
    xsi:schemaLocation="http://www.loc.gov/MARC21/slim http://www.loc.gov/standards/marcxml/schema/MARC21slim.xsd"
    xmlns="http://www.loc.gov/MARC21/slim">

  <leader>05471nab a22009017  4500</leader>
  <controlfield tag="003">AR-RoUNA</controlfield>
  <datafield tag="022" ind1=" " ind2=" ">
    <subfield code="a">0327-9022</subfield>
  </datafield>
  <datafield tag="040" ind1=" " ind2=" ">
    <subfield code="a">AR-RoUNA</subfield>
    <subfield code="b">spa</subfield>
  </datafield>
  <datafield tag="041" ind1=" " ind2=" ">
    <subfield code="a">spa</subfield>
  </datafield>
  <datafield tag="044" ind1=" " ind2=" ">
    <subfield code="a">ag</subfield>
  </datafield>
  <datafield tag="245" ind1=" " ind2=" ">
    <subfield code="a">Summa+</subfield>
  </datafield>
  <datafield tag="260" ind1=" " ind2=" ">
    <subfield code="a">Buenos Aires (Argentina):</subfield>
    <subfield code="c">Donn SA,</subfield>
    <subfield code="b">1993.</subfield>
  </datafield>
  <datafield tag="300" ind1=" " ind2=" ">
    <subfield code="a">167 p. :</subfield>
    <subfield code="b">il. byn.</subfield>
    <subfield code="b">planos</subfield>
    <subfield code="c">34X25 cm.</subfield>
  </datafield>
  <datafield tag="505" ind1="0" ind2=" ">
    <subfield code="t">INDICE</subfield>
  </datafield>
  <datafield tag="505" ind1="0" ind2=" ">
    <subfield code="t">GEOMETRIA NATURAL </subfield>
  </datafield>
  <datafield tag="505" ind1="0" ind2=" ">
    <subfield code="a">Mariano Clusellas y Sebasti&#xE1;n Colle / Casa en Jos&#xE9; Ignacio, (Uruguay). p.4</subfield>
  </datafield>
  <datafield tag="505" ind1="0" ind2=" ">
    <subfield code="t">IDEAS PARA UNA CASA DE CAMPO - Z&#xC1;RATE</subfield>
  </datafield>
  <datafield tag="505" ind1="0" ind2=" ">
    <subfield code="a">ABBS Point Design / Casa en Z&#xE1;rate. (Chacras El Chaj&#xE1;). p.12</subfield>
  </datafield>
  <datafield tag="505" ind1="0" ind2=" ">
    <subfield code="t">TEXTURA Y RELIEVE - PUNTA DEL ESTE</subfield>
  </datafield>
  <datafield tag="505" ind1="0" ind2=" ">
    <subfield code="a">Edgardo Minond arq. / Casa en la Costa Uruguaya. (Punta del Este). p.18</subfield>
  </datafield>
  <datafield tag="505" ind1="0" ind2=" ">
    <subfield code="t">ENSAYO - CASA UNIFAMILIAR Y TRADICI&#xD3;N MODERNA</subfield>
  </datafield>
  <datafield tag="505" ind1="0" ind2=" ">
    <subfield code="a">Carlos Eduardo Comas / Notas para una historia inconclusa. p.24</subfield>
  </datafield>
  <datafield tag="505" ind1="0" ind2=" ">
    <subfield code="t">CONTINUIDADES PAMPEANAS </subfield>
  </datafield>
  <datafield tag="505" ind1="0" ind2=" ">
    <subfield code="a">Lucas Swinnen, arqs / Casa con patios. (La Pampa). p.28</subfield>
  </datafield>
  <datafield tag="505" ind1="0" ind2=" ">
    <subfield code="t">MATERIA EN TENSI&#xD3;N - SAN ISIDRO</subfield>
  </datafield>
  <datafield tag="505" ind1="0" ind2=" ">
    <subfield code="a">Pac Roberto D&#xB4;Amico, Mart&#xED;n Olabarrieta / Casa en San Isidro, (Provincia de Buenos Aires). p.36</subfield>
  </datafield>
  <datafield tag="505" ind1="0" ind2=" ">
    <subfield code="t">VIVIENDA Y COMUNIDAD - TIGRE</subfield>
  </datafield>
  <datafield tag="505" ind1="0" ind2=" ">
    <subfield code="a">Arquitectos Blinder Janches &amp; CO / Casa en Nordelta, Barrio cerrado Los Castore. (Nordelta). p.46</subfield>
  </datafield>
  <datafield tag="505" ind1="0" ind2=" ">
    <subfield code="a">Arquitectos Blinder Janches &amp; CO / Casa en Santa B&#xE1;rbara, Barrio cerrado (Santa B&#xE1;rbara). p.50</subfield>
  </datafield>
  <datafield tag="505" ind1="0" ind2=" ">
    <subfield code="t">CASA EN BELGRANO</subfield>
  </datafield>
  <datafield tag="505" ind1="0" ind2=" ">
    <subfield code="a">Cayetana Merc&#xE9; / Tensi&#xF3;n aparente. p.54</subfield>
  </datafield>
  <datafield tag="505" ind1="0" ind2=" ">
    <subfield code="a">Estudio Dujovne-Hirsch, Berardo Dujovne, Silvia Hirsch, Mar&#xED;a Dujovne, arqs. / Casa Mendoza 1119, (Buenos Aires). p.54</subfield>
  </datafield>
  <datafield tag="505" ind1="0" ind2=" ">
    <subfield code="a">Estudio VSV, Marcelo Vila, Adri&#xE1;n Sebasti&#xE1;n, Javier Vila / Casa 3 de febrero 2485. ( Buenos Aires.) p.58</subfield>
  </datafield>
  <datafield tag="505" ind1="0" ind2=" ">
    <subfield code="a">Guillermo Cabrera, Alejandro Sticotti, arqs. / Casa calle Concepci&#xF3;n Arenal. (Buenos Aires). p.62</subfield>
  </datafield>
  <datafield tag="505" ind1="0" ind2=" ">
    <subfield code="a">Fabio Grementieri / Las Casa de Victoria Ocampo. p.66</subfield>
  </datafield>
  <datafield tag="505" ind1="0" ind2=" ">
    <subfield code="t">RENOCACI&#xD3;N Y ART DEC&#xD3; - CASA VIRASORO</subfield>
  </datafield>
  <datafield tag="505" ind1="0" ind2=" ">
    <subfield code="a">Daniel Becker, Claudio Ferrari, arqs. / Recuperaci&#xF3;n y puesta en valor de La Casa Virasoro, (Ag&#xFC;ero 2024, ciudad de Buenos Aires). p.74</subfield>
  </datafield>
  <datafield tag="505" ind1="0" ind2=" ">
    <subfield code="a">Carlos Gustavo Gim&#xE9;nez y &#xC1;ngel M. Navarro / La Casa - Taller Forner - Bigatti. p.78</subfield>
  </datafield>
  <datafield tag="505" ind1="0" ind2=" ">
    <subfield code="t">REPORTAJE - TERRENCE RILEY</subfield>
  </datafield>
  <datafield tag="505" ind1="0" ind2=" ">
    <subfield code="a">Fredy Massad y Alicia Guerrero Yeste / Espa&#xF1;a ante un espejo. p.86</subfield>
  </datafield>
  <datafield tag="505" ind1="0" ind2=" ">
    <subfield code="t">CITT&#xC1; ARCHITETTURA E SOCIET&#xC1; - CIUDAD ARQUITECTURA Y SOCIEDAD / BIENAL DE VENECIA</subfield>
  </datafield>
  <datafield tag="505" ind1="0" ind2=" ">
    <subfield code="a">Patricia Tetzlaff / X Muestra internacional de arquitectura. p.94</subfield>
  </datafield>
  <datafield tag="505" ind1="0" ind2=" ">
    <subfield code="t">FORD - C&#xD3;RDOBA</subfield>
  </datafield>
  <datafield tag="505" ind1="0" ind2=" ">
    <subfield code="a">Diego Sch,uk&#xF1;er / La diferencia es la bicicleta. p.98</subfield>
  </datafield>
  <datafield tag="505" ind1="0" ind2=" ">
    <subfield code="a">Horacio Spinetto / Libertad, una calle con glamour ecl&#xE9;ctico. p.100</subfield>
  </datafield>
  <datafield tag="505" ind1="0" ind2=" ">
    <subfield code="a">Rafael E.J. Iglesia / Ferias artesanales y espacios hodol&#xF3;gicos. p.104</subfield>
  </datafield>
  <datafield tag="505" ind1="0" ind2=" ">
    <subfield code="a">Roberto Fern&#xE1;ndez / Barrag&#xE1;n: escen&#xF3;grafo de s&#xED; mismo. p.107</subfield>
  </datafield>
  <datafield tag="505" ind1="0" ind2=" ">
    <subfield code="a">Jorge Ramos y Mario Sabugo / El sue&#xF1;o del Tano. p.110</subfield>
  </datafield>
  <datafield tag="505" ind1="0" ind2=" ">
    <subfield code="a">Florencia Rodriguez / Grito sudamericano y silencio. p.112</subfield>
  </datafield>
  <datafield tag="505" ind1="0" ind2=" ">
    <subfield code="t">DETALLES 3 - CASAS</subfield>
  </datafield>
  <datafield tag="505" ind1="0" ind2=" ">
    <subfield code="t">JARDIN EN ESCOBAR</subfield>
    <subfield code="a">GHBF Estudio Borghini - Galati arqs. / Jard&#xED;n en Escobar, Barrio El Cazador. p.114</subfield>
  </datafield>
  <datafield tag="505" ind1="0" ind2=" ">
    <subfield code="a">Ricardo Sargiotti / Casa en Barracas Norte. ( C&#xF3;rdoba). p.122</subfield>
  </datafield>
  <datafield tag="505" ind1="0" ind2=" ">
    <subfield code="a">Mariano Clusellas y Sebasti&#xE1;n Colle / Casa en Jos&#xE9; Ignacio. (Uruguay). p.126</subfield>
  </datafield>
  <datafield tag="505" ind1="0" ind2=" ">
    <subfield code="a">C&#xE9;sar Naselli / La casa y sus huellas. p.128</subfield>
  </datafield>
  <datafield tag="505" ind1="0" ind2=" ">
    <subfield code="a">Alfonso Corona Mart&#xED;nez / Plantas de casas del siglo XX. p.136</subfield>
  </datafield>
  <datafield tag="505" ind1="0" ind2=" ">
    <subfield code="a">Ricardo Sargiotti / Casa en Barrancas Norte (C&#xF3;rdoba). p.138</subfield>
  </datafield>
  <datafield tag="505" ind1="0" ind2=" ">
    <subfield code="a">Becker &amp; Ferrari, arqs. / Casa en La Lucila. (Provincia de Buenos Aires). p.140</subfield>
  </datafield>
  <datafield tag="505" ind1="0" ind2=" ">
    <subfield code="a">Daniel Becker y Claudio Ferrari / Casa en Ituzaing&#xF3;. (Provincia de Buenos Aires). p.142</subfield>
  </datafield>
  <datafield tag="505" ind1="0" ind2=" ">
    <subfield code="a">Esteban Caram - Gustavo Robinsohn / Casa familia Maiquez, Barrio privado Talar Lago I, General Pacheco. p.144</subfield>
  </datafield>
  <datafield tag="505" ind1="0" ind2=" ">
    <subfield code="a">Marcelo Villafa&#xF1;e, Eleonora Flores, Laura Rois / Casa Brown, Club de campo Kentucky. (Funes, Rosario). p.146</subfield>
  </datafield>
  <datafield tag="505" ind1="0" ind2=" ">
    <subfield code="a">Arquitectos Blinder Janches &amp; CO /  Casa en Nordelta, Barrio cerrado Los Castores. p.148</subfield>
  </datafield>
  <datafield tag="505" ind1="0" ind2=" ">
    <subfield code="a">Mariano Clusellas y Sebasti&#xE1;n Colle / Casa en Jos&#xE9; Ignacio. (Uruguay) p.150</subfield>
  </datafield>
  <datafield tag="505" ind1="0" ind2=" ">
    <subfield code="a">Karina Pahissa, arq / Departamento en Puerto Madero, Encarnaci&#xF3;n Ezcurra 460, Depto 8&#xBA;, Puerto Madero. p.152</subfield>
  </datafield>
  <datafield tag="505" ind1="0" ind2=" ">
    <subfield code="a">Rodolfo Recondo / Casa Torres Lacroze, Golf Club Argentino, Del Viso. (Provincia de Buenos Aires). p.154</subfield>
  </datafield>
  <datafield tag="505" ind1="0" ind2=" ">
    <subfield code="a">Rodolfo Recondo / Casa Torres Lacroze, Glof Club Argentino, Del Viso. (Provincia de Buenos Aires). p.156</subfield>
  </datafield>
  <datafield tag="505" ind1="0" ind2=" ">
    <subfield code="a">Mariano Clusellas y Sebasti&#xE1;n Colle / Casa en Jos&#xE9; Ignacio. (Uruguay) p.158</subfield>
  </datafield>
  <datafield tag="505" ind1="0" ind2=" ">
    <subfield code="a">Cristi&#xE1;n Le Monnier, Paula Preitti, Petrov, Francisco Zanada / Casa en Los Cardales. (Provincia de Buenos Aires). p.160</subfield>
  </datafield>
  <datafield tag="505" ind1="0" ind2=" ">
    <subfield code="a">Arquitectos Blinder Janches &amp; CO / Casa en Nordelta, Barrio cerrado Los Castores. p.162</subfield>
  </datafield>
  <datafield tag="505" ind1="0" ind2=" ">
    <subfield code="a">Hern&#xE1;n Barsanti y Mart&#xED;n Di Peco / Un peque&#xF1;o detalle....p.164</subfield>
  </datafield>
  <datafield tag="505" ind1="0" ind2=" ">
    <subfield code="a">Silvia Alvite y Mart&#xED;n Di Peco / Reflexiones en torno al problema del fragmento. p.166</subfield>
  </datafield>
  <datafield tag="505" ind1="0" ind2=" ">
    <subfield code="t">TIPOLOGIA Y DETALLE</subfield>
  </datafield>
  <datafield tag="650" ind1=" " ind2=" ">
    <subfield code="a">Arquitectura contempor&#xE1;nea</subfield>
  </datafield>
  <datafield tag="773" ind1="0" ind2=" ">
    <subfield code="a">Summa+</subfield>
    <subfield code="d">Buenos Aires, Argentina</subfield>
    <subfield code="g">N&#xBA;84 (noviembre-2006), p.192</subfield>
    <subfield code="x">0327-9022</subfield>
  </datafield>
  <datafield tag="908" ind1=" " ind2=" ">
    <subfield code="a">Imp</subfield>
  </datafield>
  <datafield tag="942" ind1=" " ind2=" ">
    <subfield code="2">udc</subfield>
    <subfield code="c">ART</subfield>
  </datafield>
  <datafield tag="945" ind1=" " ind2=" ">
    <subfield code="d">2022-07-08</subfield>
  </datafield>
  <datafield tag="980" ind1=" " ind2=" ">
    <subfield code="6">138</subfield>
    <subfield code="a">Carolina Rainero</subfield>
    <subfield code="8">1</subfield>
    <subfield code="g">Maricel Allasia</subfield>
  </datafield>
  <datafield tag="999" ind1=" " ind2=" ">
    <subfield code="c">12052</subfield>
    <subfield code="d">12052</subfield>
  </datafield>
  <datafield tag="952" ind1=" " ind2=" ">
    <subfield code="0">0</subfield>
    <subfield code="1">0</subfield>
    <subfield code="2">udc</subfield>
    <subfield code="4">0</subfield>
    <subfield code="7">0</subfield>
    <subfield code="a">AR-RoUNA</subfield>
    <subfield code="b">AR-RoUNA</subfield>
    <subfield code="c">Heme</subfield>
    <subfield code="d">2025-07-24</subfield>
    <subfield code="e">Don</subfield>
    <subfield code="l">0</subfield>
    <subfield code="p">1002702</subfield>
    <subfield code="r">2025-07-24</subfield>
    <subfield code="t">ej. 1</subfield>
    <subfield code="w">2025-07-24</subfield>
    <subfield code="y">ART</subfield>
    <subfield code="k">K6</subfield>
    <subfield code="x"></subfield>
  </datafield>
</record>
